=LDR 00000nam 2200000 4500 =001 000577 =005 20250711010904 =035 ##$$a 0010-0725000445 =007 ta =008 250711################a##########0#ind## =020 ##$$a 978-623-307-389-9 =082 ##$$a 398.209 598 =084 ##$$a 398.209 598 MAG m =100 #$$a Dheshna Magesh =245 1#$$a Mari Mewarnai /$c Dheshna Magesh =250 ##$$a Cetakan Pertama =260 ##$$a Rawamangun :$b Badan Pengembangan dan Pembinaan Bahasa,$c 2022 =300 ##$$a 14 hlm. : $b Ilus. ; $c 29 cm. =650 #4$$a Cerita Anak Indonesia - Terjemahan =650 #4$$a Literasi - Bahan bacaan =856 ##$$a TBM AS SUHADA =990 ##$$a TBM03380338